000 00348nam a2200133Ia 4500
008 231129s1990||||xx |||||||||||||| ||spa||
040 _bspa
082 _a(i) 808.068543 E13c
100 _aEastman Maria
245 0 _aEl conejo viajero (cuentos para ninos)
260 _c1990
264 _aImprenta Departamental de Antioquia
942 _2ddc
_cBKS
999 _c10647
_d10647